| 000 | 00576cam a2200169 4500 | ||
|---|---|---|---|
| 082 |
_a627 _bHAN _cL-22, P-7 |
||
| 100 | 1 |
_aDavis, Calvin Victor, _943904 |
|
| 245 | 1 | 0 |
_aHandbook of applied hydraulics. _cCalvin Victor Davis, editor-in-chief. Kenneth E. Sorensen, co-editor. |
| 250 | _a3d ed. | ||
| 260 |
_aNew York, _bMcGraw-Hill _c[1969] |
||
| 300 |
_a1 v. (various pagings) _billus., maps. _c23 cm. |
||
| 526 |
_a0 _b0 _c0 _d627_000000000000000_HAN |
||
| 650 | 0 |
_aHydraulic engineering _93526 |
|
| 650 | 0 |
_aMCE _9379 |
|
| 700 | 1 |
_aSorensen, Kenneth E., _947383 |
|
| 942 |
_2ddc _cBK |
||
| 999 |
_c550651 _d550651 |
||